Normal view
MARC view
- Umar Khalid
Entry Personal Name
001 - CONTROL NUMBER
- control field: 92297
003 - CONTROL NUMBER IDENTIFIER
- control field: NUST
005 - DATE AND TIME OF LATEST TRANSACTION
- control field: 20220703095546.0
008 - FIXED-LENGTH DATA ELEMENTS
- fixed length control field: 220703|| aca||aabn | a|a d
040 ## - CATALOGING SOURCE
- Original cataloging agency: NUST
- Transcribing agency: NUST
100 ## - HEADING--PERSONAL NAME
- Personal name: Umar Khalid
670 ## - SOURCE DATA FOUND
- Source citation: Work cat.: (NUST)13034: Umar Khalid, Machine learning based multipath multicast routing protocol for cognitive radio networks, 2014
